MARC details
| 000 -LEADER |
| fixed length control field |
01988cam a22003135a 4500 |
| 001 - CONTROL NUMBER |
| control field |
16772413 |
| 005 - DATE AND TIME OF LATEST TRANSACTION |
| control field |
20150816130326.0 |
| 008 - FIXED-LENGTH DATA ELEMENTS--GENERAL INFORMATION |
| fixed length control field |
110510t2011 nyua frf 001 0 eng d |
| 020 ## - INTERNATIONAL STANDARD BOOK NUMBER |
| International Standard Book Number |
9780071666664 |
| 020 ## - INTERNATIONAL STANDARD BOOK NUMBER |
| International Standard Book Number |
0071666664 |
| 040 ## - CATALOGING SOURCE |
| Original cataloging agency |
YDX |
| Language of cataloging |
eng |
| Transcribing agency |
YDX |
| Modifying agency |
YDXCP |
| -- |
BWX |
| -- |
ORX |
| -- |
EUF |
| -- |
CDX |
| -- |
DLC |
| -- |
EG-ScBUE |
| 082 04 - DEWEY DECIMAL CLASSIFICATION NUMBER |
| Classification number |
624.1821 |
| Edition number |
22 |
| Item number |
STR |
| 245 00 - TITLE STATEMENT |
| Title |
Structural steel designer's handbook / |
| Statement of responsibility, etc |
editors Roger L. Brockenbrough, Frederick S. Merritt. |
| 250 ## - EDITION STATEMENT |
| Edition statement |
5th ed. |
| 260 ## - PUBLICATION, DISTRIBUTION, ETC. (IMPRINT) |
| Place of publication, distribution, etc |
New York : |
| Name of publisher, distributor, etc |
McGraw Hill, |
| Date of publication, distribution, etc |
c.2011 |
| Manufacturer |
(Acid-free Paper) |
| 300 ## - PHYSICAL DESCRIPTION |
| Extent |
[Various pagings] : |
| Other physical details |
ill. ; |
| Dimensions |
25 cm. |
| 500 ## - GENERAL NOTE |
| General note |
Includes index. |
| 500 ## - GENERAL NOTE |
| General note |
Includes index. |
| 505 00 - FORMATTED CONTENTS NOTE |
| Title |
Properties of structural steels and effects of steelmaking and fabrication / |
| Statement of responsibility |
Roger L. Brockenbrough- |
| Title |
Fabrication and erection / |
| Statement of responsibility |
Thomas Schlafly- |
| Title |
Connections / |
| Statement of responsibility |
Larry S. Muir, William A. Thornton- |
| Title |
Building codes, loads, and fire protection / |
| Statement of responsibility |
Nestor R. Iwankiw- |
| Title |
Criteria for building design / |
| Statement of responsibility |
Roger L. Brockenbrough- |
| Title |
Design of building members / |
| Statement of responsibility |
Ali A. K. Haris, Kaise Haris- |
| Title |
Floor and roof systems / |
| Statement of responsibility |
Daniel A. Cuoco- |
| Title |
Lateral-force design / |
| Statement of responsibility |
Charles W. Roeder- |
| Title |
Cold-formed steel design / |
| Statement of responsibility |
Roger L. Brockenbrough, R. A. Laboube- |
| Title |
Highway bridge design criteria / |
| Statement of responsibility |
Dennis R. Mertz- |
| Title |
Railroad bridge design criteria / |
| Statement of responsibility |
John f. Unsworth- |
| Title |
Beam and girder bridges / |
| Statement of responsibility |
Mahir Sen, Alfred Hedefine, John Swindleehurst- |
| Title |
Truss bridges / |
| Statement of responsibility |
John M. Kulicki, Betsy M. Reiner- |
| Title |
Arch bridges / |
| Statement of responsibility |
Kenneth J. Wright, Matthew A. Bunner- |
| Title |
Cable-suspended bridges / |
| Statement of responsibility |
Walter Podolny, David Goodyear. |
| 590 ## - LOCAL NOTE (RLIN) |
| Local note |
Catalogued by : Mostafa El-Helaly |
| 650 #0 - SUBJECT ADDED ENTRY--TOPICAL TERM |
| Topical term or geographic name as entry element |
Building, Iron and steel |
| 9 (RLIN) |
18712 |
| Form subdivision |
Handbooks, manuals, etc. |
| Source of heading or term |
BUEsh |
| 650 #0 - SUBJECT ADDED ENTRY--TOPICAL TERM |
| Topical term or geographic name as entry element |
Steel, Structural |
| 9 (RLIN) |
12463 |
| Form subdivision |
Handbooks, manuals, etc. |
| Source of heading or term |
BUEsh |
| 651 ## - SUBJECT ADDED ENTRY--GEOGRAPHIC NAME |
| Source of heading or term |
BUEsh |
| 653 ## - INDEX TERM--UNCONTROLLED |
| Resource For college |
Engineering, Architecture |
| Arrived date list |
February2012 |
| -- |
April2015 |
| 655 ## - INDEX TERM--GENRE/FORM |
| Form subdivision |
|
| -- |
34232 |
| 700 1# - ADDED ENTRY--PERSONAL NAME |
| Personal name |
Brockenbrough, R. L., |
| 9 (RLIN) |
28953 |
| Relator term |
editor. |
| 700 1# - ADDED ENTRY--PERSONAL NAME |
| Personal name |
Merritt, Frederick S., |
| 9 (RLIN) |
28954 |
| Relator term |
editor. |
| 942 ## - ADDED ENTRY ELEMENTS (KOHA) |
| Source of classification or shelving scheme |
Dewey Decimal Classification |
| Item type |
Book - Borrowing |